|
|
|
|
| LEADER |
01458cam a22003017i 4500 |
| 001 |
1442985 |
| 003 |
GR-PaULI |
| 005 |
20210117210450.0 |
| 008 |
170928s1986 us f b 000 0 eng d |
| 010 |
|
|
|a 85020104
|
| 020 |
|
|
|a 0882337971 (alk. paper)
|
| 020 |
|
|
|a 088233798X (pbk. : alk. paper)
|
| 040 |
|
|
|a DLC
|c DLC
|d DLC
|d OCoLC
|d DLC
|d GR-PaULI
|b gre
|e AACR2
|
| 041 |
1 |
|
|a eng
|h rus
|
| 082 |
0 |
0 |
|a 891.720 8
|2 23
|
| 245 |
0 |
4 |
|a The Russian symbolist theatre :
|b an anthology of plays and critical texts /
|c edited and translated by Michael Green.
|
| 260 |
|
|
|a Ann Arbor, Mich. :
|b Ardis Publishers,
|c c1986.
|
| 300 |
|
|
|a 371 σ. ;
|c 24 εκ.
|
| 504 |
|
|
|a Περιλαμβάνει βιβλιογραφία.
|
| 650 |
|
4 |
|a Ρωσικό δράμα
|y 19ος αιώνας
|x Μεταφράσεις στα αγγλικά.
|9 164440
|
| 650 |
|
4 |
|a Ρωσικό δράμα
|y 20ός αιώνας
|x Μεταφράσεις στα αγγλικά.
|9 164442
|
| 650 |
|
4 |
|a Θέατρο
|z Ρωσία
|x Ιστορία
|y 20ός αιώνας.
|9 164441
|
| 650 |
|
4 |
|a Συμβολισμός στη λογοτεχνία
|9 78009
|
| 700 |
1 |
4 |
|a Green, Michael A.,
|d 1937-
|9 164443
|e επιμελητής, μεταφραστής
|
| 942 |
|
|
|2 ddc
|c BK15
|
| 952 |
|
|
|0 0
|1 0
|2 ddc
|4 0
|6 891_720000000000000_8_GRE
|7 0
|9 215491
|a THST
|b THST
|d 2017-09-28
|i 004843
|l 1
|o 891.720 8 GRE
|p 025000011080
|r 2022-01-10 00:00:00
|s 2021-12-20
|t 1
|v 2017.00
|w 2017-09-28
|y BK15
|
| 998 |
|
|
|c ΜΑΝΙΑ
|d 2017-09
|
| 999 |
|
|
|c 130924
|d 130924
|